<?xml version="1.0" encoding="UTF-8"?>
<marc:record xmlns:marc="http://www.loc.gov/MARC21/slim">
   <marc:leader>00000nam a2200000 a 4500</marc:leader>
   <marc:datafield ind1=" " ind2=" " tag="653">
      <marc:subfield code="a">Vorlagen</marc:subfield>
   </marc:datafield>
   <marc:datafield ind1=" " ind2=" " tag="653">
      <marc:subfield code="a">Idee</marc:subfield>
   </marc:datafield>
   <marc:datafield ind1=" " ind2=" " tag="653">
      <marc:subfield code="a">Hochzeit</marc:subfield>
   </marc:datafield>
   <marc:datafield ind1=" " ind2=" " tag="653">
      <marc:subfield code="a">Zeitung</marc:subfield>
   </marc:datafield>
   <marc:datafield ind1="0" ind2="0" tag="245">
      <marc:subfield code="a">Hochzeitszeitungen mit Pfiff</marc:subfield>
   </marc:datafield>
   <marc:datafield ind1=" " ind2="1" tag="264">
      <marc:subfield code="b">Falken</marc:subfield>
   </marc:datafield>
   <marc:datafield ind1="1" ind2=" " tag="520">
      <marc:subfield code="a">Ähnlich wie bei Andrea Klein (BA 6/99) werden sehr konkrete Anregungen zur Gestaltung einer Hochzeitszeitung gegeben: Format, Schrift, Fotos, Druck, Kosten. Zum Inhalt: Stammbaum, Flohmarkt, Lieder, Zitate u.ä. Zum Schluß einige Kopiervorlagen. Klein gefällt mir besser wegen der größeren Übersichtlichkeit und etwas dezenteren Aufmachung. Aber das ist sicher Geschmackssache. (2)</marc:subfield>
   </marc:datafield>
</marc:record>
